000 00673nam a22002297a 4500
003 UA-OsUOA
001 93748
007 ta
008 20130128b un ||||| |||| 00| 0 ukr d
100 _aВацуро В.
090 _a821.161.1
_bВ22
942 _cBK
040 _aUA-OsUOA
_brus
_cUA-OsUOA
_dUA-OsUOA
245 _aСквозь "умственные плотины"
_bочерки о книгах и прессе пушкинской поры
300 _a381 с.
955 _a3
041 _arus
080 _a821.161.1
260 _aМ.
_bКнига
_c1986
650 7 _a82 Література. Літературознавство
_2UDC
999 _c379991
_d379991